| 000 | 00450nam a2200145 i 4500 | ||
|---|---|---|---|
| 001 | bg | ||
| 100 | 1 | _aDOMŻAŁ, Henryk | |
| 245 | 0 |
_aUgniatanie jako czynnik kształtujący fizyczne właściwości gleby / _cHenryk Domżał, Anna Słowińska-Jurkiewicz, Ryszard Turski, Jan Hodara. |
|
| 260 |
_aWarszawa, _c1984. |
||
| 700 | 1 | _aSŁOWIŃSKA-JURKIEWICZ, | |
| 040 | _cBPK | ||
| 041 | _apol | ||
| 942 | _cKS | ||
| 008 | s pl f |000 0 pol | ||
| 999 |
_c28115 _d28115 |
||
| 856 |
_uhttp://koha.tu.koszalin.pl/cgi-bin/koha/opac-detail.pl?biblionumber=28115 _yKatalog online BPK |
||